000 00371nam a22001331a 4500
020 _a9788120722439
082 _a616.891 4
_bP00
100 _aPeseschkian Nossrat
245 _aPositive Psychotherapy:
_btheory and practice of a new method/
_cby Peseschkian Nossrat
260 _aNew Delhi:
_bSterling,
_c2000.
300 _a442p.
650 _aPsychotherapy
942 _cBK
999 _c35131
_d35131